LEADER 01252nam a2200289 u 4500 001 000000053849 003 CaOOAMICUS 005 20070226115615.0 008 001122s1951 it u000 u ita u 035 $a10862121 040 $aPUL(R)$bita 100 0 $aSophocles,$dsec. V a.C.$0(OLS)http://pul/name/12152 240 10$aOedipus Tyrannus$9(Sophocles, sec. V a.C.).$lItaliano.$0(OLS)http://pul/title/72229 245 13$aIl mito di Edipo :$bEdipo Re, Edipo a Colono, Antigono /$cSofocle ; traduzione e note di Domenico Ricci. 260 $aMilano :$bRizzoli,$c1951. 300 $a278 p.; ;$c16 cm 490 1 $aBUR 700 02$aSophocles,$dsec. V a.C.$tAntigone.$0(OLS)http://pul/name/38322 700 02$aSophocles,$dsec. V a.C.$tOedipus Coloneus.$0(OLS)http://pul/name/38321 830 0$aBUR.$0(OLS)http://pul/title/2098 850 $aPUL 852 $aPUL$W1$xDP1 Fondo Giannini$y60$m1554 B 34$j70982$nBK-PRI$b $qFondi$B70982$CPULBib$Z2$F70982 $H $81 900 $aSofocle,$dsec. V a.C.$912152 941 1 $a1 961 $aINV: F.GIANNINI 996 $6245$aIl mito di Edipo :$bEdipo Re, Edipo a Colono, Antigono$9(OLS)http://pul/title/72230 996 $6260$aMilano :$bRizzoli$9(OLS)http://pul/publisher/48712 LEADER 01567nam a2200313 a 4500 001 000000154298 003 CaOOAMICUS 005 20160927102112.0 008 160927s2005 it u000 u ita r 020 $a88-14-12358-6* 032 $aLibriCat 040 $aPUL$bita 100 1 $aMazzola, Roberto.$0(OLS)http://pul/name/48962 245 13$aLa convivenza delle regole :$bdiritto, sicurezza e organizzazioni religiose /$cRoberto Mazzola. 260 $aMilano :$bGiuffrè,$c2005. 300 $aXV, 225 p. ;$c24 cm. 490 1 $aUniversità del Piemonte orientale "Amedeo Avogadro. Memorie della Facoltà di Giurisprudenza. Serie II ;$v18 504 $aBibliografia in nota. 650 4$aLibertà religiosa (diritto)$zItalia.$0(OLS)http://pul/subject/34754 710 2 $aUniversità del Piemonte orientale "Amedeo Avogadro".$bFacoltà di Giurisprudenza.$0(OLS)http://pul/name/98230 830 0$aMemorie della Facoltà di Giurisprudenza (Università del Piemonte orientale "Amedeo Avogadro").$pSerie II ;$v18.$0(OLS)http://pul/title/193899 850 $aPUL 852 $aPUL$W1$xDP1 Fondo G. Barberini$y122$m4 G 45$j177354$qFondi$B180326$CPULBib$Z2$F180326 $HBar2048 $81 941 1 $a1 961 $aDedica autografa dell?autore. 996 $6020$a88-14-12358-6*$9(OLS)http://pul/number/161151 996 $6245$aLa convivenza delle regole :$bdiritto, sicurezza e organizzazioni religiose$9(OLS)http://pul/title/193898 996 $6260$aMilano :$bGiuffrè$9(OLS)http://pul/publisher/48401